000 00740cam a2200205 i 4500
999 _c58805
_d58805
001 21243695
005 20221107121523.0
008 191016s2020 enka bf 001 0 eng
020 _a9780749498276x
_q
041 _aeng
080 _a331.101.262.1+005 A-51
100 1 _aArmstrong, Michael
_914590
245 1 0 _aArmstrong's handbook of human resource management practice /
_cMichael Armstrong with Stephen Taylor.
250 _a15th edition.
264 1 _aLondon :
_bKoganPage,
_c2020.
300 _a763 pages :
_billustrations (color) ;
_c25 cm.
653 _aადამიანური რესურსების მენეჯმენტი
700 1 _aTaylor, Stephen
_d
_eავტორი
_914591
942 _2udc
_cBK